| 000 | 01471nam0a22003011 4500 | ||
|---|---|---|---|
| 001 | rc\4894710 | ||
| 005 | 20260407014950.0 | ||
| 021 |
_aRU _b[59-7574] |
||
| 035 | _a(NLR Aleph) 008924910 | ||
| 090 |
_a8847708 _c8847708 |
||
| 100 | _a20130426d1958 |||y0rusy50 ca | ||
| 101 | 0 | _arus | |
| 102 | _aRU | ||
| 105 | _ay z ||||| | ||
| 200 | 1 |
_aУскорение твердения растворов и бетонов введением кристаллических затравок _fМ-во строительства РСФСР. Техн. упр. Науч.-исслед. ин-т по строительству |
|
| 210 |
_aМосква _cОтд. техн. информации _d1958 |
||
| 215 |
_a26 с. _cграф. _d20 |
||
| 300 | _aСост. указан на обороте тит. л.: канд. техн. наук Якуб И.А. | ||
| 606 |
_aЦемент _xСхватывание и твердение _xУскорители _2psbo |
||
| 606 |
_aБетон _xСхватывание и твердение _xУскорители _2psbo |
||
| 606 |
_aСтроительные растворы _xСхватывание и твердение _xУскорители _2psbo |
||
| 700 | 1 |
_aЯкуб _bИ.А. _gИрина Александровна _4220 |
|
| 712 | 0 | 2 |
_aНИИ по строительству _cМосква _3RU\NLR\AUTH\8810003421 _9504122 |
| 801 | 0 |
_aRU _bNLR _gpsbo |
|
| 801 | 1 |
_aRU _bELAR _2rusmarc |
|
| 852 |
_aNLR _j59-4/3273 |
||
| 942 | _cBOOK | ||
| 980 | _aNB | ||